The Pakistan Army 1947-1949 (Record no. 551596)
[ view plain ]
| 000 -LEADER | |
|---|---|
| fixed length control field | 00376nam a22001337a 4500 |
| 082 ## - DEWEY DECIMAL CLASSIFICATION NUMBER | |
| Classification number | 355.09541 |
| Author Mark | RIZ |
| -- | D |
| 100 ## - MAIN ENTRY--PERSONAL NAME | |
| Personal name | Maj |Gen Shoukat Riaz |
| 9 (RLIN) | 48748 |
| 245 ## - TITLE STATEMENT | |
| Title | The Pakistan Army 1947-1949 |
| 260 ## - PUBLICATION, DISTRIBUTION, ETC. | |
| Place of publication, distribution, etc. | Pakistan |
| Name of publisher, distributor, etc. | Wajidalis (Private) Limited |
| 300 ## - PHYSICAL DESCRIPTION | |
| Extent | 33 p. : |
| Other physical details | ill.: |
| Dimensions | 8 Cm |
| 526 ## - STUDY PROGRAM INFORMATION NOTE | |
| Program name | 0 |
| Interest level | 0 |
| Reading level | 0 |
| Title point value | 355_095410000000000_RIZ |
| 650 ## - SUBJECT ADDED ENTRY--TOPICAL TERM | |
| Topical term or geographic name entry element | Donation |
| 9 (RLIN) | 36574 |
| 942 ## - ADDED ENTRY ELEMENTS (KOHA) | |
| Source of classification or shelving scheme | |
| Koha item type | Book |
| Withdrawn status | Lost status | Source of classification or shelving scheme | Damaged status | Not for loan | Permanent Location | Current Location | Date acquired | Total Checkouts | Full call number | Barcode | Date last seen | Price effective from | Koha item type |
|---|---|---|---|---|---|---|---|---|---|---|---|---|---|
| Military College of Engineering (MCE) | Military College of Engineering (MCE) | 12/18/2014 | 355.09541 RIZ | MCE-34965 | 12/18/2014 | 12/18/2014 | Book |
